000 00474nam a2200133Ia 4500
008 231129s2017||||xx |||||||||||||| ||spa||
020 _a978-958-785-041-3
040 _bspa
082 _a(i) 980.461 Z88z
245 0 _aZorara e ena bema jemene ne ka = Juegos infantiles y artes tradicionales del pueblo ebera katí­o del alto Sinú
260 _c2017
264 _aBogotá Colombia : Ministerio de Educación Nacional
942 _2ddc
_cBKS
999 _c26550
_d26550